| 000 | 00790nam a22002177a 4500 | ||
|---|---|---|---|
| 999 |
_c19626 _d19626 |
||
| 003 | AR-CdUCM | ||
| 008 | 190518b ||||| |||| 00| 0 spa d | ||
| 040 |
_aMUNICIPALIDAD PROVINCIAL DEL CUSCO _cBIBLIOTECA MUNICIPAL DEL CUSCO |
||
| 082 |
_23ed. _a372.1 / _bC26 |
||
| 100 |
_aCarroll, Herbert A, _941070 |
||
| 245 |
_aHigiene mental : _bDinámica del ajuste psíquico / |
||
| 260 |
_aMéxico : _bContinental, _c1966. |
||
| 300 |
_a402 páginas ; _c23.5 cm |
||
| 505 | _aContenido: Amplitud del problema -- Motivaciones básicas de la conducta humana -- La necesidad de seguridad física ... | ||
| 650 |
_aSalud _98684 |
||
| 650 |
_aMental _941071 |
||
| 650 |
_aPsíquico _941072 |
||
| 700 |
_aHaces, Luis Ramos (Traducción) _941073 |
||
| 942 |
_2ddc _cLIBROS |
||
| 945 |
_arah _d2019-05-18 |
||